| 000 | 00498nam a2200193Ia 4500 | ||
|---|---|---|---|
| 008 | 100315s9999 xx 000 0 und d | ||
| 040 | _cENGLISH | ||
| 082 | _b1848 | ||
| 100 | _a"Khan, M. Y. " | ||
| 245 | _aFinancial Management | ||
| 260 |
_aNew Delhi _bTata McGrawhill _c1981 |
||
| 300 | _a"xii,1981 " | ||
| 365 |
_eRupees _d1 _b48.00 |
||
| 366 | _f0 | ||
| 505 | _gJaya Nikhade | ||
| 630 | _aFinancial Management | ||
| 730 | _aFinancial Management | ||
| 942 | _cBOOK | ||
| 999 |
_c476583 _d476580 |
||